El mesianismo en el mito, la revelación y la política.
Saved in:
| Main Author: | |
|---|---|
| Other Authors: | |
| Format: | Book |
| Published: |
Madrid, España:
Ediciones Rialp, S.A.,
1956.
|
| Edition: | Segunda edición. |
| Series: | Biblioteca del Pensamiento Actual.
|
| Subjects: | |
| Tags: |
Add Tag
No Tags, Be the first to tag this record!
|
MARC
| LEADER | 00000nam a22000007a 4500 | ||
|---|---|---|---|
| 003 | CL-VaPUC | ||
| 005 | 20221114163322.0 | ||
| 008 | 220708t1953 ||||| |||| 00| 0 eng d | ||
| 999 | |c 436822 |d 436820 | ||
| 040 | |c Pontificia Universidad Católica de Valparaíso | ||
| 082 | 7 | |a 232.1 GUA 1953 |2 22 | |
| 100 | 1 | |a Guardini, Romano |9 341351 |e autor | |
| 245 | 1 | 3 | |a El mesianismo en el mito, la revelación y la política. |
| 250 | |a Segunda edición. | ||
| 260 | |a Madrid, España: |b Ediciones Rialp, S.A., |c 1956. | ||
| 300 | |a 185 páginas. | ||
| 490 | |a Biblioteca del Pensamiento Actual. | ||
| 500 | |a c.1 Donación Familia Prof. Alejandro Guzmán Brito. | ||
| 583 | |c 20220708 |k Cristina María Rojas Aguilar | ||
| 650 | |a Mesianismo |z Europa |9 872468 | ||
| 700 | |a Ors, Álvaro d' |e prólogo |9 878431 | ||
| 942 | |2 ddc |c BK |n 0 | ||
| 952 | |0 0 |1 0 |2 ddc |4 0 |6 232_100000000000000_GUA_1953 |7 0 |8 C_AGB |9 584551 |a BIBDER |b BIBDER |d 2022-07-08 |e Donación |i 5652602 |o 232.1 GUA 1953 |p 5652602 |r 2023-01-25 |t 1 |w 2022-07-08 |y BK_US |k AGB | ||